Statistiken für Formel 1 Fahrer 2010

Klicken Sie hier um das Quiz zu spielen!

Allgemein

  • Dieses Quiz wurde 193 mal gespielt
    (184 seit der letzten Aktualisierung)
  • Das Durchschnittsergebnis liegt bei 14 aus 24

Antwortstatistiken

TeamsDrivers% Korrekt
Red BullSebastian Vettel
100%
FerrariFernando Alonso
99%
McLarenLewis Hamilton
98%
Red BullMark Webber
96%
MercedesMichael Schumacher
96%
MercedesNico Rosberg
96%
FerrariFelipe Massa
95%
McLarenJenson Button
91%
WilliamsNico Hülkenberg
74%
RenaultRobert Kubica
63%
Virgin RacingTimo Glock
58%
Force IndiaAdrian Sutil
54%
RenaultWitali Petrov
50%
WilliamsRubens Barrichello
48%
Toro RossoSébastien Buemi
42%
BMW SauberKamui Kobayashi
41%
LotusHeikki Kovalainen
35%
LotusJarno Trulli
35%
HRTBruno Senna
34%
BMW SauberPedro De la Rosa
28%
Force IndiaVitantonio Liuzzi
26%
Toro RossoJaime Alguersuari
23%
HRTKarun Chandhok
19%
Virgin RacingLucas di Grassi
18%

Verteilung der Resultate

Perzentil nach korrekt beantworteten Fragen

Anzahl Personen mit jedem Resultat

Ihre Resultats-Entwicklung

Sie haben dieses Quiz seit der letzten Aktualisierung nicht gespielt